|
|
|
|
| LEADER |
00000nam a2200000 a 4500 |
| 001 |
vtls001430513 |
| 003 |
SK-MaSNL |
| 005 |
20260302001852.0 |
| 008 |
240313s2000 DE a r ger |
| 020 |
|
|
|a 3809408611
|c b.c.
|
| 035 |
|
|
|a SNK000385540
|
| 035 |
|
|
|a urn:nbn:sk:snk-amyh7k
|
| 035 |
|
|
|a urn:nbn:sk:snk-am00cksj
|
| 035 |
|
|
|a FBBB7314-75AD-4F5C-A7AB-71042F9F8E8D
|
| 040 |
|
|
|a SNK
|b slo
|c SNK
|e AACR2
|
| 041 |
0 |
|
|a ger
|
| 044 |
|
|
|a DE
|
| 080 |
|
|
|a 641.5(083.12)
|2 1981
|
| 100 |
1 |
|
|a Ilies, Angelika
|4 aut
|9 507669
|
| 245 |
1 |
|
|a Aufläufe, Gratins und Soufflés
|b kochvergnügen und Genuss
|c Angelika Ilies
|
| 260 |
|
|
|a [Niedernhausen/Ts.]
|b Falken
|c [2000]
|e Martin
|f Neografia]
|
| 300 |
|
|
|a 255 s.
|c 27 cm
|
| 650 |
0 |
7 |
|a jedlá
|x príprava
|x predpisy kuchárske
|2 SNK
|9 284213
|
| 650 |
0 |
7 |
|a knihy kuchárske
|2 SNK
|9 283472
|
| 919 |
|
|
|a 3-8094-0861-1
|
| 999 |
|
|
|c 985689
|d 987619
|
| 952 |
|
|
|t P60, <03>, [BOOK], {603}
|a SNK
|b SNK
|y PREZ
|7 0
|p 17A0334375
|o snkSB 64647
|i snkKSP 2579/2002
|0 0
|1 0
|4 0
|d 2002-03-07
|f 1
|l 0
|r 2025-04-14 00:00:00
|w 2026-02-24
|